Score 0/47 Timer 07:00
3 Plays Today
Vowel-less Country % Correct
DNLRZTWSSwitzerland
90.9%
CNRFFrance
90.7%
NDWSSweden
90.5%
SSRRussia
90.5%
NPSSpain
90.3%
DNLNFFinland
90.3%
DNLPPoland
90%
KVLSSlovakia
89.5%
KRMNDDenmark
89.4%
VTLLatvia
89.3%
GRBMXLLuxembourg
89.2%
TLMMalta
88.4%
LGTRPPortugal
88%
RGNHHungary
87.9%
SDNLRHTNNetherlands
87.8%
NVLSSlovenia
87.6%
NMRGGermany
87.4%
MGLBBelgium
87.2%
TC NCTVVatican City
86.8%
WRNNorway
86.4%
BRSSerbia
86.2%
SRLBBelarus
86.2%
RGLBBulgaria
85.8%
NMRRomania
85.2%
Vowel-less Country % Correct
VDLMMoldova
85.2%
CRGGreece
85.1%
KRTTurkey
85%
NDCM HTRNNorth Macedonia
84.3%
NRM NSSan Marino
84.1%
RGNTNMMontenegro
83.6%
NVGZRH DN NSBBosnia and Herzegovina
83.4%
VSKKosovo
83.3%
MDGNK DTNUnited Kingdom
83.3%
NHTLLithuania
81.5%
HCZCCzechia
80.9%
TRCCroatia
80.7%
CNMMonaco
79.7%
NTSNTHCLLiechtenstein
79.2%
DNLRIreland
77.4%
DNLCIceland
75.2%
LTItaly
75.1%
SRPCCyprus
73.5%
RRDNAndorra
70.8%
NBLAlbania
69.1%
NTSEstonia
67.9%
NRKUkraine
66.7%
RTSAustria
61.1%
Remove Ads.
Support Sporcle.
Get the best of Sporcle when you Go Orange. This ad-free experience offers more features, more stats, and more fun while also helping to support Sporcle. Thank you for becoming a member.

You're not logged in!

Compare scores with friends on all Sporcle quizzes.
OR
Log In

Show Comments

Extras

Top Quizzes Today


Score Distribution

Your Account Isn't Verified!

In order to create a playlist on Sporcle, you need to verify the email address you used during registration. Go to your Sporcle Settings to finish the process.

Report this User

Report this user for behavior that violates our Community Guidelines.

Details: